Modernizing marriage : family, ideology, and law in nineteenth and early twentieth century Egypt /

محفوظ في:

المؤلف الرئيسي: Cuno, Kenneth M., 1950- (مؤلف)

التنسيق: كتاب

اللغة: English

منشور في: Syracuse, New York : Syracuse University Press, 2015.

سلاسل: Gender and globalization.

الموضوعات:

الوسوم: إضافة وسم

لا توجد وسوم, كن أول من يضع وسما على هذه التسجيلة!

رقم الطلب: HQ691.7 .A14 2015

LEADER 01330nam a22002657a 4500
003 OSt
005 20250827071600.0
008 270303s2015 nyu g b 001 0 eng d
010 |a 2014046526 
020 |a 9780815633921 
040 |c ARCE Library 
043 |a f-ua--- 
050 1 4 |a HQ691.7   |b .A14 2015 
100 1 |a Cuno, Kenneth M.,   |d 1950-   |e author 
245 1 0 |a Modernizing marriage :   |b family, ideology, and law in nineteenth and early twentieth century Egypt /   |c Kenneth M. Cuno. 
264 1 |a Syracuse, New York :   |b Syracuse University Press,   |c 2015. 
300 |a xxi, 305 pages ;   |c 24 cm. 
490 0 |a Gender and globalization. 
504 |a Includes bibliographical references and index. 
505 0 |a Marriage in politics : the obsolescence of household government and the shift to monogamy in the Khedival family -- Marriage in practice : the changing system of marriage and household formation -- Marriage reformed : modernist intellectuals and the new family ideology -- Marriage in law : transformations in the law applied -- Marriage codified : the invention of Egyptian personal status law -- Marriage modernized : the curious history of house of obedience. 
650 0 |a Marriage  |z Egypt  |y 19th century. 
650 0 |a Marriage  |z Egypt  |y 20th century. 
901 |a reviewed 
942 |c BK  |2 lcc 
999 |c 23584  |d 23584